| 000 | 00665nam a2200205Ia 4500 | ||
|---|---|---|---|
| 001 | 15090 | ||
| 003 | GE_BSU | ||
| 008 | 181216s||||||||xx |||||||||||||| ||und|| | ||
| 040 | _cGE_BSU | ||
| 080 | _a510(075.3) | ||
| 100 | _aВаховский,Е.Б. Рывкин,А.А. | ||
| 245 | _aЗадачи по элементарной математике повышенной трудности | ||
| 245 | _cРед.А.Я.Цлаф | ||
| 260 | _aМосква | ||
| 260 | _bНаука | ||
| 260 | _c1971 | ||
| 300 | _a360стр.22см. | ||
| 653 | _aЗадачи по элементарной математике повышенной трудности | ||
| 942 | _cBK | ||
| 999 |
_c48208 _d48208 |
||